| 000 | 00515nam a2200193Ia 4500 | ||
|---|---|---|---|
| 003 | OSt | ||
| 005 | 20241004094458.0 | ||
| 008 | 210210b1972 xxu||||| |||| 00| 0 eng d | ||
| 040 | _cAL | ||
| 041 | _aKannada | ||
| 082 | _aK894.3 INDN | ||
| 100 |
_aINDIRATANAYA. _dಇಂದಿರಾತನಯ _9181316 |
||
| 245 |
_aNavilina natya. _bನವಿಲಿನ ನಾಟ್ಯ |
||
| 260 |
_aBengaluru _bPrakasha Sahitya _c1972 |
||
| 300 | _a144 | ||
| 690 |
_aKannada Fiction _9181317 |
||
| 906 | _a030375 | ||
| 942 |
_2ddc _cBK |
||
| 999 |
_c81521 _d81521 |
||